=LDR 00000nam 2200000 4500 =001 INLIS000000000007844 =005 20130612095800 =008 ***********************************Ind** =035 ##$$0010-061300000007844 =041 ##$$a Ind =082 ##$$a 781.34 =090 ##$$a 781.34, Tos k =100 ##$$a Tosin, Rijanto =245 ##$$a Komputer musik, lagu-lagu daerah, Rijanto Tosin, Firman =260 ##$$a 1992 $b Jakarta =300 ##$$a vi, 142 hlm, ilus, 21 cm =650 ##$$a Komputer-Program Musik